Top 15 Wide Recievers in 2022 - Statistics

General Stats
  • This quiz has been taken 163 times
  • The average score is 6 of 15
Answer Stats
Hint Answer % Correct
Dolpins Tyreek Hill
91%
Bengals J'amarr Chase
83%
Eagles AJ Brown
70%
Seahawks DK Metcalf
70%
Cowboys CeeDee Lamb
67%
Lions Amon-Ra St. Brown
64%
Bucaneers Mike Evans
61%
Bills Stephon Diggs
39%
Seahawks Tyler Lockett
25%
Vikings J Jetas
17%
Raiders Devante Adams
11%
Eagles Devonte Smith
10%
Cardinals Dhop
9%
Cardinals Marquise Brown
5%
49ers Brandon Ayuk
1%
No matching quizzes found
Score Distribution
Percent of People with Each Score
Percentile by Number Answered
Your Score History
You have not taken this quiz